=LDR 00000nam 2200000 4500 =001 INLIS000000000033500 =005 20130612135441 =008 ***********************************ind** =035 ##$$0010-061300000033500 =041 ##$$a ind =082 ##$$a 2x4.91 =090 ##$$a 2x4.91, Jay m =100 ##$$a Jaya, Muhammad =245 ##$$a Makanan =260 ##$$a ma $b Yogyakarta =300 ##$$a 291 hlm, 21 cm =650 ##$$a Makanan dan Minuman Haram =700 ##$$a Rokhani =850 ##$$a NBPNMAT